| 000 | 00593nam a2200217 a 4500 | ||
|---|---|---|---|
| 001 | 1714 | ||
| 005 | 20140414131903.0 | ||
| 008 | 001113s19uu xx 00 eng d | ||
| 020 | _a0-590-32172-2 | ||
| 050 |
_aFIC _bL41 1982 |
||
| 100 | _aLawler, Pat | ||
| 245 |
_aWhat about me? / _cPat Lawler. |
||
| 260 |
_aNew York : _bScholastic Book Services, _c1982. |
||
| 300 | _a170 p. : ill. ; cm. | ||
| 440 | _aA Wishing Star Book. | ||
| 650 |
_aLove _xFiction. |
||
| 650 |
_aFriendship _xFiction. |
||
| 650 |
_aTrust _xFiction. |
||
| 650 |
_aTeenagers _xDrug use _xFiction. |
||
| 999 |
_c110797 _d110797 |
||